00000000nam##2200000za#4500
0019.588397
003CaOODSP
00520210624195112
007cr |||||||||||
008150406|1989||||xxc|||||o    f|0| 0 eng|d
040 |aCaOODSP|beng
041 |aeng
041 |afre
043 |an-cn---
0861 |aCS92-N0060/4-1989-PDF
24500|aNational Census Test interviewer debriefing |h[electronic resource]
260 |aOttawa - Ontario : |bStatistics Canada |c1989.
4901 |aNational census test |vNo. 4
500 |aHistorical census publication digitized by Statistics Canada.
590 |a12-44-Supp|b2012-12-13
69007|aCensus|2gcpds
69007|aTesting|2gcpds
7102 |aStatistics Canada.
792 |tComptes rendus des interviewers sur le Test du recensement national |efre|w(CaOODSP)9.588398
830#0|aNational Census test ;|vNo. 4|w(CaOODSP)9.500681
85640|ahttp://publications.gc.ca|qPDF|s2183 KB|uhttps://publications.gc.ca/collections/collection_2012/statcan/rh-hc/CS92-N0060-4-1989.pdf|yNo. 4